000 01039nam a2200277 a 4500
001 39068
003 BD-RjUL
005 20211209052918.0
008 161020s2010 bg ||||| |||| 00| 0 ben d
020 _a9840748971
_cTk. 200.00
035 _a(BD-RjUL)39179
040 _aBD-RjUL
_bben
_cBD-RjUL
041 _aben
082 _223
_a328.03
_bFIP
100 _aফিরোজ, জালাল
_9119642
245 1 0 _aপার্লামেন্টারি শব্দকোষ /
_cজালাল ফিরোজ
250 _aপরিমার্জিত ও পরিবর্ধিত সং.
260 _aঢাকা :
_bবাংলা একাডেমী,
_c২০১০.
300 _a৩৯০ পৃ. ;
_c২১ সেমি.
490 _aবাএ ;
_v৪৮৮৯
504 _aগ্রন্থপঞ্জি সংযুক্ত
650 _aআইনসভা
_vঅভিধান
_9160351
650 _aParliament
_vDictionaries
_9160352
830 _aবাএ ;
_v৪৮৮৯
_9160353
942 _2ddc
_cBK
999 _c39068
_d39068